गरिबीमुक्त विश्वाची निर्मिती / (Record no. 52335)

MARC details
000 -LEADER
fixed length control field 01330nam a22002537a 4500
005 - DATE AND TIME OF LATEST TRANSACTION
control field 20110429165957.0
008 - FIXED-LENGTH DATA ELEMENTS--GENERAL INFORMATION
fixed length control field 110429t xxu||||| |||| 00| 0 mar d
010 ## - LCCN (DPL NO)
LC control number MAR-20831
020 ## - INTERNATIONAL STANDARD BOOK NUMBER
Terms of availability 250.00
International Standard Book Number 9788177864779
035 ## - SYSTEM CONTROL NUMBER
System control number MR-13489
037 ## - SOURCE OF ACQUISITION
Source of stock number/acquisition DBAD / PUB
040 ## - CATALOGING SOURCE
Original cataloging agency DPL
Language of cataloging MR
082 ## - DEWEY DECIMAL CLASSIFICATION NUMBER
Classification number 338.7
100 ## - MAIN ENTRY--PERSONAL NAME
9 (RLIN) 27525
Personal name मोहंमद युनूस
245 ## - TITLE STATEMENT
Title गरिबीमुक्त विश्वाची निर्मिती /
Statement of responsibility, etc मोहंमद युनूस तथा कार्ल वेबर : गोविंद गोडबोले द्वारा अनुवादित
246 ## - VARYING FORM OF TITLE
Title proper/short title Garibimukta Vishwachi Nirmitee
Remainder of title by Mohammad Yunus and Kari Weber
260 ## - PUBLICATION, DISTRIBUTION, ETC. (IMPRINT)
Place of publication, distribution, etc औरंगाबाद
Name of publisher, distributor, etc साकेत प्रकाशन
Date of publication, distribution, etc 2009
270 ## - ADDRESS
Address 115,म.गांधीनगर,स्टेशन रोड
City औरंगाबाद
Postal code 431005
300 ## - PHYSICAL DESCRIPTION
Extent सोळा270पृ
Dimensions 21सेमी (अजिल्द)
700 ## - ADDED ENTRY--PERSONAL NAME
9 (RLIN) 27590
Personal name वेबर, कार्ल
700 ## - ADDED ENTRY--PERSONAL NAME
Personal name गोडबोले,गोविंद
9 (RLIN) 27991
942 ## - ADDED ENTRY ELEMENTS (KOHA)
Source of classification or shelving scheme Dewey Decimal Classification
Item type Marathi Books
Call number suffix मोहंम
Classification part 338.7
Holdings
Withdrawn status Lost status Source of classification or shelving scheme Damaged status Not for loan Collection code Home library Current library Date acquired Source of acquisition Cost, normal purchase price Total Checkouts Full call number Barcode Date last seen Copy number Cost, replacement price Koha item type
    Dewey Decimal Classification   Not For Loan Non-fiction D.B.Act.Division D.B.Act.Division 10/05/2011 DBAD / PUB 250.00   338.7मोहंम MR-13489 10/05/2011 1 250.00 Marathi Books

© Delhi Public Library
Hit Counter
free hit counter